Coachs NBA 2023-24 - Statistiques

Statistiques générales
  • Ce quiz a été pris 61 fois
  • Le résultat moyen est 17 sur 34
Statistiques - réponses
Par images Réponse % Correct
Steve Kerr
92%
Gregg Popovich
88%
Jason Kidd
85%
Doc Rivers
79%
Erik Spoelstra
77%
Ime Udoka
77%
Joe Mazzulla
75%
Tom Thibodeau
75%
Tyronn Lue
75%
Darvin Ham
67%
Mike Brown
62%
Quin Snyder
62%
J.B. Bickerstaff
60%
Chauncey Billups
56%
Mark Daigneault
56%
Michael Malone
52%
Monty Williams
52%
Nick Nurse
52%
Taylor Jenkins
50%
Jacque Vaughn
48%
Rick Carlisle
48%
Billy Donovan
46%
Chris Finch
42%
Frank Vogel
38%
Willie Green
29%
Jamahl Mosley
25%
Adrian Griffin
19%
Steve Clifford
19%
Will Hardy
17%
Wes Unseld jr
15%
Brian Keefe
8%
Darko Rajakovic
8%
Kevin Ollie
6%
Joe Prunty
4%
Aucun quiz correspondant
Distribution des résultats
% des personnes avec chaque résultat
Percentile par nombre de réponses
Votre historique - résultats
Vous n’avez pas pris ce quiz